[Event "FRA-chT U16"]
[Site "Dieppe"]
[Date "2015.??.??"]
[Round "?"]
[White "Prat, Pierre Matthieu"]
[Black "Ghazaleh, Wissam"]
[Result "1-0"]
[WhiteElo "1570"]
[BlackElo "1748"]
[PlyCount "65"]
[EventDate "2015.05.??"]
[EventType "team-tourn"]
[EventRounds "6"]
[EventCountry "FRA"]
[SourceTitle "EXT 2016"]
[Source "ChessBase"]
[SourceDate "2015.10.08"]
[SourceVersion "1"]
[SourceVersionDate "2015.10.08"]
[SourceQuality "1"]

1. e4 e5 2. Nf3 Nc6 3. Bc4 Nf6 4. Ng5 d5 5. exd5 Na5 6. Bb5+ Bd7 7. Qe2 Be7 8. Nc3 Bxb5 9. Qxb5+ c6 10. dxc6 Nxc6 11. 0-0 0-0 12. Re1 Nd4 13. Qd3 h6 14. Nf3 Nxf3+ 15. Qxf3 Qc7 16. d3 a6 17. Qg3 Kh8 18. Bd2 b5 19. Rac1 Rad8 20. h3 Bd6 21. Qf3 Be7 22. Qf5 b4 23. Ne4 Nd5 24. Ng3 Bd6 25. Re4 Ne7 26. Qf3 f5 27. Rc4 Qb8 28. Be1 Qb5 29. Qe2 Nd5 30. Bd2 f4 31. Nf1 Qd7 32. c3 f3 33. Qe4 1-0

[Event "FRA-chT U20 16 GP Haute 1213"]
[Site "France"]
[Date "2013.05.20"]
[Round "11"]
[White "Bassini, Emile"]
[Black "Prat, Pierre Matthieu"]
[Result "0-1"]
[WhiteElo "1476"]
[BlackElo "1400"]
[PlyCount "92"]
[EventDate "2012.12.01"]
[EventType "team"]
[EventRounds "11"]
[EventCountry "FRA"]
[SourceTitle "EXT 2014"]
[Source "ChessBase"]
[SourceDate "2013.11.20"]
[SourceVersion "1"]
[SourceVersionDate "2013.11.20"]
[SourceQuality "1"]
[WhiteTeam "Bois Colombes (U20)"]
[BlackTeam "Bischwiller (U20)"]
[WhiteTeamCountry "FRA"]
[BlackTeamCountry "FRA"]

1. d4 d5 2. c4 e6 3. Nc3 f5 4. Nf3 Nf6 5. Bg5 c6 6. e3 Bd6 7. Be2 Nbd7 8. 0-0 0-0 9. Rb1 h6 10. Bxf6 Nxf6 11. b4 g5 12. b5 Bd7 13. Qb3 Ne4 14. bxc6 Bxc6 15. cxd5 Nxc3 16. Qxc3 Bxd5 17. Rfc1 b6 18. Qb2 Qe7 19. Qd2 f4 20. Qd3 fxe3 21. Qg6+ Qg7 22. Qxg7+ Kxg7 23. fxe3 Bxa2 24. Ra1 Bd5 25. Nd2 Bb4 26. Rc7+ Rf7 27. Rxf7+ Kxf7 28. Nf3 Bd6 29. Bd3 Bxf3 30. gxf3 a5 31. Bb5 Rc8 32. Ra2 Rc3 33. Re2 Rc1+ 34. Kg2 Ra1 35. h3 a4 36. Rd2 a3 37. Bc4 b5 38. Ba2 b4 39. Bb3 Re1 40. e4 Ra1 41. e5 Bb8 42. Rc2 h5 43. Kh2 Rd1 44. Ra2 Rxd4 45. Kg3 Rd3 46. Bc4 Rc3 0-1

[Event "FRA-chT U20 16 GP Haute 1213"]
[Site "France"]
[Date "2013.05.19"]
[Round "10"]
[White "Beneteau Desmoulieres, Elian"]
[Black "Prat, Pierre Matthieu"]
[Result "0-1"]
[WhiteElo "1200"]
[BlackElo "1400"]
[PlyCount "70"]
[EventDate "2012.12.01"]
[EventType "team"]
[EventRounds "11"]
[EventCountry "FRA"]
[SourceTitle "EXT 2014"]
[Source "ChessBase"]
[SourceDate "2013.11.20"]
[SourceVersion "1"]
[SourceVersionDate "2013.11.20"]
[SourceQuality "1"]
[WhiteTeam "Agneaux Saint Lo (U20)"]
[BlackTeam "Bischwiller (U20)"]
[WhiteTeamCountry "FRA"]
[BlackTeamCountry "FRA"]

1. e4 c5 2. d4 cxd4 3. c3 d5 4. exd5 Qxd5 5. cxd4 Nc6 6. Nf3 e6 7. Be2 Nf6 8. 0-0 Be7 9. Nc3 Qd8 10. Bf4 a6 11. Rc1 0-0 12. Bc4 b5 13. Bb3 Na5 14. Bc2 Bb7 15. Ne5 Nd5 16. Nxd5 Qxd5 17. Qg4 f5 18. Qg3 Bh4 19. Qh3 g5 20. Bxg5 Bxg5 21. Qg3 h6 22. h4 Qd8 23. hxg5 Qxg5 24. Qxg5+ hxg5 25. f4 g4 26. g3 Bd5 27. a3 Nc4 28. Nxc4 Bxc4 29. Rfe1 Rad8 30. b3 Bd5 31. Kf2 Rc8 32. Ke2 Kf7 33. Kd2 Rh8 34. Re3 Kf6 35. Rc3 Rh2+ 0-1

[Event "FRA-chT U20 GpA 1213"]
[Site "France"]
[Date "2013.01.06"]
[Round "7"]
[White "Prat, Pierre Matthieu"]
[Black "Djian, Lenny"]
[Result "1-0"]
[WhiteElo "1400"]
[BlackElo "1353"]
[PlyCount "91"]
[EventDate "2012.12.01"]
[EventType "team"]
[EventRounds "7"]
[EventCountry "FRA"]
[SourceTitle "EXT 2014"]
[Source "ChessBase"]
[SourceDate "2013.11.20"]
[SourceVersion "1"]
[SourceVersionDate "2013.11.20"]
[SourceQuality "1"]
[WhiteTeam "Bischwiller (U20)"]
[BlackTeam "Cannes (U20)"]
[WhiteTeamCountry "FRA"]
[BlackTeamCountry "FRA"]

1. e4 c6 2. d4 d5 3. exd5 cxd5 4. Bd3 Nf6 5. h3 Nc6 6. Nf3 e6 7. 0-0 Bd6 8. Nc3 0-0 9. Bg5 h6 10. Bh4 Re8 11. Re1 Nb4 12. Bb5 Bd7 13. Bxd7 Qxd7 14. Bxf6 gxf6 15. a3 Nc6 16. Qd2 Kg7 17. Nb5 Bb8 18. Nc3 Na5 19. b3 a6 20. Ne2 Qc7 21. Ng3 Nc6 22. Nh5+ Kg6 23. Nh4+ Kh7 24. Nxf6+ Kg7 25. Nxe8+ Kf8 26. Nxc7 Bxc7 27. Qxh6+ Ke7 28. Nf5+ Kd7 29. Ng3 Nxd4 30. Qh7 Rf8 31. c3 Nxb3 32. Rab1 Nc5 33. Qg7 Ke8 34. Nf5 b5 35. Rbc1 Nd3 36. Rxe6+ Kd7 37. Re7+ Kc6 38. Qxf8 Nxc1 39. Nd4+ Kb6 40. Qh6+ Ka5 41. Qxc1 Bh2+ 42. Kxh2 f5 43. Nc6+ Ka4 44. Qc2+ Kxa3 45. Ra7 a5 46. Rxa5# 1-0

[Event "FRA-chT U20 GpA 1213"]
[Site "France"]
[Date "2013.01.05"]
[Round "6"]
[White "Prat, Pierre Matthieu"]
[Black "Lary, Damien"]
[Result "0-1"]
[WhiteElo "1400"]
[BlackElo "1224"]
[PlyCount "48"]
[EventDate "2012.12.01"]
[EventType "team"]
[EventRounds "7"]
[EventCountry "FRA"]
[SourceTitle "EXT 2014"]
[Source "ChessBase"]
[SourceDate "2013.11.20"]
[SourceVersion "1"]
[SourceVersionDate "2013.11.20"]
[SourceQuality "1"]
[WhiteTeam "Bischwiller (U20)"]
[BlackTeam "Grenoble (U20)"]
[WhiteTeamCountry "FRA"]
[BlackTeamCountry "FRA"]

1. e4 e5 2. Nf3 Nc6 3. Bc4 Bc5 4. c3 Qf6 5. 0-0 d6 6. d4 Bb6 7. Bg5 Qg6 8. dxe5 Bg4 9. Bh4 Nxe5 10. Be2 Nf6 11. Nxe5 dxe5 12. Bxf6 Bxe2 13. Qxe2 Qxf6 14. Rd1 0-0 15. Nd2 Rfd8 16. Nc4 Rxd1+ 17. Rxd1 Re8 18. Nxb6 axb6 19. h3 Rd8 20. Qf3 Rxd1+ 21. Qxd1 h6 22. Qd8+ Qxd8 23. g3 Qd1+ 24. Kg2 Qc2 0-1

[Event "FRA-chT U20 GpA 1213"]
[Site "France"]
[Date "2012.12.02"]
[Round "3"]
[White "Juncker, Jules"]
[Black "Prat, Pierre Matthieu"]
[Result "0-1"]
[WhiteElo "1220"]
[BlackElo "1400"]
[PlyCount "66"]
[EventDate "2012.12.01"]
[EventType "team"]
[EventRounds "7"]
[EventCountry "FRA"]
[SourceTitle "EXT 2014"]
[Source "ChessBase"]
[SourceDate "2013.11.20"]
[SourceVersion "1"]
[SourceVersionDate "2013.11.20"]
[SourceQuality "1"]
[WhiteTeam "Mulhouse (U20)"]
[BlackTeam "Bischwiller (U20)"]
[WhiteTeamCountry "FRA"]
[BlackTeamCountry "FRA"]

1. d4 d5 2. c4 e6 3. Nf3 f5 4. Bg5 Nf6 5. Ne5 Nbd7 6. e3 h6 7. Bh4 g5 8. Bg3 Bb4+ 9. Nc3 Ne4 10. Qc2 Bxc3+ 11. bxc3 c6 12. Bd3 Nxg3 13. hxg3 Nxe5 14. dxe5 Qc7 15. f4 gxf4 16. exf4 Qg7 17. Qf2 Rg8 18. Rh3 dxc4 19. Bxc4 b5 20. Bb3 a5 21. Qf3 Bd7 22. Qe2 Rh8 23. c4 h5 24. Qf3 Qe7 25. cxb5 Qb4+ 26. Kd1 Qd4+ 27. Kc2 Qxa1 28. bxc6 Rc8 29. Kd2 Qd4+ 30. Ke2 Bxc6 31. Qf2 Bb5+ 32. Ke1 Rc1+ 33. Bd1 Rxd1# 0-1

[Event "FRA-chT U20 GpA 1213"]
[Site "France"]
[Date "2012.12.01"]
[Round "1"]
[White "Gospodaru, Teodora"]
[Black "Prat, Pierre Matthieu"]
[Result "1-0"]
[WhiteElo "1300"]
[BlackElo "1400"]
[PlyCount "71"]
[EventDate "2012.12.01"]
[EventType "team"]
[EventRounds "7"]
[EventCountry "FRA"]
[SourceTitle "EXT 2014"]
[Source "ChessBase"]
[SourceDate "2013.11.20"]
[SourceVersion "1"]
[SourceVersionDate "2013.11.20"]
[SourceQuality "1"]
[WhiteTeam "Nancy (U20)"]
[BlackTeam "Bischwiller (U20)"]
[WhiteTeamCountry "FRA"]
[BlackTeamCountry "FRA"]

1. e4 e5 2. Nc3 Nf6 3. f4 d5 4. fxe5 Nxe4 5. Nf3 Be7 6. d4 0-0 7. Bd3 Bf5 8. 0-0 Nxc3 9. bxc3 Bxd3 10. Qxd3 c5 11. Rb1 Nd7 12. Be3 c4 13. Qe2 h6 14. Bd2 Re8 15. e6 Bf6 16. exf7+ Kxf7 17. Ne5+ Nxe5 18. dxe5 Kg8 19. Bf4 Bg5 20. Bxg5 Qxg5 21. e6 b6 22. Rf7 Qg6 23. Re1 b5 24. Qe5 Qg5 25. Rf5 Qd2 26. Re2 Qc1+ 27. Rf1 Qg5 28. Rf5 Qc1+ 29. Re1 Qd2 30. Ref1 Kh7 31. Rf7 Qg5 32. R1f5 Qg6 33. e7 a6 34. Rf8 h5 35. Rxe8 Rxe8 36. h4 1-0